Normal view
MARC view
- Public administration.
Entry Topical Term
001 - CONTROL NUMBER
- control field: 5690
003 - CONTROL NUMBER IDENTIFIER
- control field: NUST
005 - DATE AND TIME OF LATEST TRANSACTION
- control field: 20171027121304.0
008 - FIXED-LENGTH DATA ELEMENTS
- fixed length control field: 171027|| aca||aabn | a|a d
040 ## - CATALOGING SOURCE
- Original cataloging agency: NUST
- Transcribing agency: NUST
150 ## - HEADING--TOPICAL TERM
- Topical term or geographic name entry element: Public administration.
670 ## - SOURCE DATA FOUND
- Source citation: Work cat.: (NUST)0: Cox, Raymond W. 5689, Public administration in theory and practice /, c2011.
